000 00711nam a2200289Ia 4500
005 20260324145911.0
008 008 260324s9999 xx 000 0 eng d
020 _a9780203804308
037 _aEBOOK
040 _aCRL
040 _beng
040 _cCRL
041 _2eng
041 _aeng
084 _qCRL
100 _aH. H. Lamb
_91218952
245 0 _aClimate: Present, Past and Future (Routledge Revivals)
245 0 _bVolume 2: Climatic History and the Future
260 _bTaylor and Francis
260 _c1977
365 _a
365 _b420
856 _uhttp://www.taylorfrancis.com/books/9780203804308
942 _cEBOOK
999 _c1833138
_d1833138